000 01232nam a2200421 a 4500
003 AR-BaBNM
005 20251128204512.0
008 082120s2002 ||||||||||||||000 | spa||
020 _a950-582-211-2
040 _cAR-BaBNM
100 1 _aKisnerman, Natalio
245 0 0 _aDidáctica para el trabajo social
260 _aBuenos Aires
_bHumanitas
_c1987
300 _a219 p.
_bgráfs.
490 0 _aTeoría y práctica del trabajo social
_vv. 8
650 4 _aCIENCIAS SOCIALES
650 4 _aDIDACTICA
650 4 _aTRABAJO SOCIAL
650 4 _aOBJETIVOS EDUCACIONALES
650 4 _aCURRICULO
650 4 _aCONTENIDO DEL PROGRAMA
650 4 _aORGANIZACION DE LA EDUCACION
650 4 _aRECURSOS EDUCACIONALES
650 4 _aEVALUACION DEL CURSO
650 4 _aEVALUACION DEL DOCENTE
650 4 _aEVALUACION DEL ALUMNO
650 4 _aTECNICAS DE EVALUACION
650 4 _aCALIFICACIONES
650 4 _aPROCESO DE APRENDIZAJE
650 4 _aMETODOS DE ESTUDIO
650 4 _aENTREVISTAS
650 4 _aORGANIZACION ADMINISTRATIVA
650 4 _aORGANIZACION DE LA EDUCACION
653 _aPROCESO DE ENSEÑANZA-APRENDIZAJE
700 1 _aSerrano Castañeda, José Antonio
942 _cBK
998 _cCarmen
999 _c7675
_d7675